000 01379nam2a22002771 4500
001 rc\524660
005 20250621165834.0
010 _a5-247-02112-6
_9500
035 _a(NLR Aleph) 005817913
090 _a5449207
_c5449207
100 _a20030616d1990 |||y0rusy50 ca
101 0 _arus
102 _aRU
105 _aa |||||||||
200 1 _aОстракоды палеозоя
_f[Сост. А.Ф. Абушик и др.]
210 _d1990
_aБ. м.
215 _a353, [3] с.
_cил.
320 _aБиблиогр.: с. 212-228
320 _aУказ. таксонов: с. 345-354
461 0 _1001rc\524657
_12001#$aПрактическое руководство по микрофауне СССР$eСправ. для палеонтологов и геологов$eВ 9 ч.$fВсесоюз. н.-и. геол. ин-т им. А.П. Карпинского$gГл. ред. Б.С. Соколов$vТ. 4
_95449182
_cЛ.
_d1987-
_fВсесоюз. н.-и. геол. ин-т им. А.П. Карпинского
_nНедра. Ленингр. отд-ние
_oСправ. для палеонтологов и геологов : В 9 ч.
_tПрактическое руководство по микрофауне СССР
_vТ. 4
702 1 _aАбушик
_bА.Ф.
_4220
801 0 _aRU
_bNLR
_gpsbo
801 1 _aRU
_bELAR
_2rusmarc
852 _aNLR
_j87-7/361
942 _cBOOK
980 _aNB